Statistics for Subdivisions of China by Economy and Wealth

Click here to take the quiz!

General Stats

  • This quiz has been taken 24 times
  • The average score is 36 of 68

Answer Stats

GDP 2021 ($)RegionSubdivision% Correct
1,865,545,050,000SouthGuangdong
90%
1,246,438,500,000EastShandong
70%
807,761,850,000SouthwestSichuan
70%
604,044,000,000NorthBeijing
65%
732,155,400,000EastFujian
65%
605,869,500,000NorthHebei
65%
750,194,100,000CentralHubei
65%
307,713,000,000NorthInner Mongolia
65%
1,745,463,000,000EastJiangsu
65%
648,222,750,000EastShanghai
65%
235,425,800,000NorthTianjin
65%
644,388,000,000EastAnhui
60%
418,410,300,000SouthwestChongqing
60%
371,112,900,000SouthGuangxi
60%
97,128,000,000SouthHainan
60%
223,188,000,000NortheastHeilongjiang
60%
883,311,150,000CentralHenan
60%
368,100,000,000SouthHong Kong
60%
690,946,350,000CentralHunan
60%
198,532,800,000NortheastJilin
60%
413,761,500,000NortheastLiaoning
60%
¥575,700 ($86,355)SouthMacau
60%
67,834,700,000NorthwestNingxia
60%
239,754,800,000NorthwestXinjiang
60%
407,201,400,000SouthwestYunnan
60%
1,102,740,000,000EastZhejiang
60%
293,796,300,000SouthwestGuizhou
55%
¥325,040 ($48,756)SouthHong Kong
55%
444,295,500,000EastJiangxi
55%
29,910,000,000SouthMacau
55%
447,014,700,000NorthwestShaanxi
55%
338,852,400,000NorthShanxi
55%
31,202,600,000SouthwestTibet
55%
¥183,900 ($27,585)NorthBeijing
50%
¥40,900 ($6,135)NorthwestGansu
50%
153,649,500,000NorthwestGansu
50%
¥98,700 ($14,805)SouthGuangdong
50%
50,199,500,000NorthwestQinghai
50%
¥173,800 ($26,070)EastShanghai
50%
¥55,000 ($8,250)SouthwestTibet
50%
¥87,000 ($13,050)SouthwestChongqing
45%
¥49,400 ($7,410)SouthGuangxi
45%
¥50,800 ($7,620)SouthwestGuizhou
45%
¥46,700 ($7,005)NortheastHeilongjiang
45%
¥137,300 ($20,595)EastJiangsu
45%
¥65,500 ($9,825)EastJiangxi
45%
¥75,400 ($11,310)NorthwestShaanxi
45%
¥81,800 ($12,270)EastShandong
45%
772,700,000,000EastTaiwan
45%
¥219,300 ($32,900)EastTaiwan
45%
¥113,200 ($16,980)NorthTianjin
45%
¥113,900 ($17,085)EastZhejiang
45%
¥70,400 ($10,560)EastAnhui
40%
¥117,500 ($17,625)EastFujian
40%
¥64,200 ($9,630)SouthHainan
40%
¥54,100 ($8,115)NorthHebei
40%
¥59,300 ($8,895)CentralHenan
40%
¥86,600 ($12,990)CentralHubei
40%
¥69,300 ($10,395)CentralHunan
40%
¥85,300 ($12,795)NorthInner Mongolia
40%
¥55,000 ($8,250)NortheastJilin
40%
¥64,800 ($9,720)NortheastLiaoning
40%
¥52,800 ($7,920)NorthwestNingxia
40%
¥56,500 ($8,475)NorthwestQinghai
40%
¥64,700 ($9,705)NorthShanxi
40%
¥64,400 ($9,660)SouthwestSichuan
40%
¥61,900 ($9,285)NorthwestXinjiang
40%
¥57,500 ($8,625)SouthwestYunnan
40%

Score Distribution

Percentile by Number Answered

Percent of People with Each Score

Your Score History

You have not taken this quiz